[Event "ITT La Pergola Jardin"]
[Site "?"]
[Date "2011.01.25"]
[Round "8.1"]
[White "Latorre, Matias"]
[Black "Villalba, Marcelo"]
[Result "0-1"]
[WhiteElo "2093"]
[BlackElo "2149"]
[PlyCount "52"]
[EventDate "2011.01.17"]

1. g3 g6 2. Bg2 Bg7 3. d4 d6 4. e4 Nf6 5. Ne2 O-O 6. Nbc3 c5 7. d5 Bg4 8. O-O
Qd7 9. f4 Ne8 10. a4 Na6 11. Be3 Nac7 12. Qd3 a6 13. f5 b5 14. axb5 c4 15. Qxc4
axb5 16. Qd3 Rxa1 17. Rxa1 b4 18. h3 bxc3 19. hxg4 cxb2 20. Rb1 Nf6 21. Bf3
gxf5 22. gxf5 Qa4 23. Nd4 Qa2 24. c3 Ra8 25. Qc2 Qxb1+ 26. Qxb1 Ra1 0-1

[Event "ITT La Pergola Jardin"]
[Site "?"]
[Date "2011.01.25"]
[Round "8.3"]
[White "Della Morte, German"]
[Black "Zacarias, M Ruben D"]
[Result "1-0"]
[WhiteElo "2345"]
[BlackElo "2184"]
[PlyCount "59"]
[EventDate "2011.01.17"]

1. e4 e6 2. d4 d5 3. Nc3 Nf6 4. Bg5 Bb4 5. e5 h6 6. Be3 Ne4 7. Qg4 g6 8. a3
Bxc3+ 9. bxc3 c5 10. Bd3 Nxc3 11. dxc5 Nc6 12. Nf3 Qa5 13. O-O Bd7 14. Qh4 Ne7
15. Bg5 Qxc5 16. Bf6 Rg8 17. Nd2 Ba4 18. Nb1 g5 19. Qg4 Ne4 20. Bxe4 dxe4 21.
Nd2 Bc6 22. Nxe4 Bxe4 23. Qxe4 Nd5 24. Rfd1 Rc8 25. Qh7 Qf8 26. c4 Rxc4 27.
Rac1 Rxc1 28. Rxc1 Kd7 29. Qb1 Nc7 30. Qxb7 1-0

[Event "ITT La Pergola Jardin"]
[Site "?"]
[Date "2011.01.25"]
[Round "8.4"]
[White "Spata, German"]
[Black "Catelli, Hernan"]
[Result "1/2-1/2"]
[WhiteElo "2330"]
[BlackElo "2212"]
[PlyCount "26"]
[EventDate "2011.01.17"]

1. d4 Nf6 2. c4 g6 3. Nc3 Bg7 4. Nf3 O-O 5. g3 d6 6. Bg2 c5 7. O-O Nc6 8. b3
cxd4 9. Nxd4 Nxd4 10. Qxd4 Ne4 11. Qxe4 Bxc3 12. Bh6 Bxa1 13. Bxf8 Bf6 1/2-1/2

[Event "ITT La Pergola Jardin"]
[Site "?"]
[Date "2011.01.25"]
[Round "8.5"]
[White "Brito, Luismar"]
[Black "Kropff, Ricardo"]
[Result "0-1"]
[WhiteElo "2319"]
[BlackElo "2294"]
[PlyCount "102"]
[EventDate "2011.01.17"]

1. e4 c5 2. Nf3 d6 3. d4 cxd4 4. Nxd4 Nf6 5. Nc3 a6 6. Bg5 e6 7. f4 Be7 8. Qf3
Qc7 9. O-O-O Nbd7 10. Bd3 h6 11. Bh4 g5 12. fxg5 Ne5 13. Qe2 Nfg4 14. Nf3 hxg5
15. Bg3 Nxf3 16. gxf3 Ne5 17. f4 gxf4 18. Bxf4 Bd7 19. h4 O-O-O 20. h5 Rh7 21.
h6 Rdh8 22. Rh3 f6 23. Rg1 Bf8 24. Kb1 Kb8 25. a3 Bc8 26. Qh2 Ka8 27. Be2 Qd8
28. Be3 Bd7 29. Rh4 Bc6 30. Qh3 Qe7 31. Qf1 Kb8 32. Qh3 Nf7 33. Qh2 Ng5 34. e5
dxe5 35. Bxg5 fxg5 36. Rh5 Qc7 37. Rhxg5 Bxh6 38. Rg8+ Rxg8 39. Rxg8+ Ka7 40.
Bd3 Rg7 41. Qf2+ b6 42. Rh8 Rf7 43. Qe2 Bg7 44. Rg8 Bb7 45. Qg4 e4 46. Nxe4 Qe5
47. c3 Bh6 48. Qg6 Rf1+ 49. Kc2 Rc1+ 50. Kb3 Qd5+ 51. Bc4 Qd1+ 0-1

[Event "ITT La Pergola Jardin"]
[Site "?"]
[Date "2011.01.26"]
[Round "9.1"]
[White "Kropff, Ricardo"]
[Black "Latorre, Matias"]
[Result "0-1"]
[WhiteElo "2294"]
[BlackElo "2093"]
[PlyCount "64"]
[EventDate "2011.01.17"]

1. d4 Nf6 2. c4 e6 3. Nf3 c5 4. e3 b6 5. Bd3 Bb7 6. O-O Be7 7. Nc3 O-O 8. b3
cxd4 9. exd4 d5 10. Bb2 Nc6 11. Rc1 Rc8 12. Re1 Nb4 13. Bf1 dxc4 14. bxc4 Ba6
15. Qa4 Qe8 16. Nb5 Bb7 17. Qxa7 Bxf3 18. gxf3 Qd8 19. a3 Nc6 20. Qa4 Nh5 21.
d5 Bc5 22. dxc6 Qg5+ 23. Kh1 Bxf2 24. Bh3 Bxe1 25. Rxe1 Qh4 26. Rg1 Qxh3 27.
Qd1 Rxc6 28. Qe2 Rd8 29. Bd4 e5 30. Bxe5 Re6 31. f4 Nxf4 32. Rxg7+ Kf8 0-1

[Event "ITT La Pergola Jardin"]
[Site "?"]
[Date "2011.01.26"]
[Round "9.2"]
[White "Catelli, Hernan"]
[Black "Brito, Luismar"]
[Result "0-1"]
[WhiteElo "2212"]
[BlackElo "2319"]
[PlyCount "144"]
[EventDate "2011.01.17"]

1. c4 e5 2. Nc3 Nc6 3. g3 d6 4. Bg2 Be6 5. d3 Qd7 6. e4 g6 7. Nge2 Bg7 8. O-O
h5 9. h4 Nh6 10. Nd5 Ng4 11. f3 Nh6 12. Bg5 Ng8 13. Qd2 f6 14. Be3 Nd8 15. Qa5
b6 16. Qa6 Ne7 17. d4 O-O 18. Kh2 Nc8 19. Ndc3 Qf7 20. d5 Bd7 21. Nb5 c6 22.
Nc7 Rb8 23. Nc3 Rb7 24. dxc6 Bxc6 25. N7b5 Qxc4 26. Rfd1 f5 27. Bf1 Qb4 28. b3
fxe4 29. Bc4+ Kh7 30. Nxe4 Bh6 31. Bxh6 Kxh6 32. a3 Qa5 33. Qxa5 bxa5 34. Nbxd6
Nxd6 35. Rxd6 Bxe4 36. fxe4 Rb6 37. Rad1 Nc6 38. Kg2 Nd4 39. Rd5 Rbf6 40. Rd2
a4 41. b4 Rc6 42. Be2 Rc3 43. Rxe5 Nc2 44. Re7 Ne3+ 45. Kh3 Rc1 46. Bb5 Rh1+
47. Rh2 Rg1 48. Be2 Ra1 49. Rxa7 Rxa3 50. b5 Ra2 51. e5 Rf5 52. Bd3 Rxh2+ 53.
Kxh2 Rf3 54. Kh3 Nd5 55. Be4 Nf4+ 56. Kh2 Rf2+ 57. Kg1 Nh3+ 58. Kh1 Re2 59. Bc6
Nf2+ 60. Kg1 Nd3 61. Rxa4 Nxe5 62. Re4 Nf3+ 63. Kf1 Rxe4 64. Bxe4 Nd2+ 65. Ke2
Nxe4 66. b6 Nd6 67. Kd3 Kg7 68. Kd4 Kf7 69. Kd5 Ke7 70. Kc6 Nc4 71. b7 Ne5+ 72.
Kd5 Nd7 0-1

[Event "ITT La Pergola Jardin"]
[Site "?"]
[Date "2011.01.26"]
[Round "9.3"]
[White "Zacarias, M Ruben D"]
[Black "Spata, German"]
[Result "1-0"]
[WhiteElo "2184"]
[BlackElo "2330"]
[PlyCount "41"]
[EventDate "2011.01.17"]

1. e4 c5 2. Nf3 d6 3. d4 cxd4 4. Nxd4 Nf6 5. Nc3 a6 6. Bg5 e6 7. f4 Be7 8. Qe2
O-O 9. O-O-O d5 10. e5 Nfd7 11. h4 Nc6 12. g4 Nxd4 13. Rxd4 f6 14. exf6 Nxf6
15. h5 Bd7 16. Bh4 Rc8 17. g5 Rxc3 18. gxf6 Rxf6 19. bxc3 Qa5 20. Bxf6 Bxf6 21.
Qe3 1-0

[Event "ITT La Pergola Jardin"]
[Site "?"]
[Date "2011.01.26"]
[Round "9.4"]
[White "Vazquez, Guillermo"]
[Black "Della Morte, German"]
[Result "0-1"]
[WhiteElo "2168"]
[BlackElo "2345"]
[PlyCount "84"]
[EventDate "2011.01.17"]

1. Nf3 Nf6 2. g3 g6 3. Bg2 Bg7 4. O-O O-O 5. c4 d6 6. Nc3 e5 7. d3 Nc6 8. Rb1
Bf5 9. Bg5 h6 10. Bxf6 Bxf6 11. b4 Qd7 12. Qd2 Bg7 13. Rfc1 Bh3 14. Bh1 f5 15.
b5 Nd8 16. Qd1 Ne6 17. Nd2 Rab8 18. a4 h5 19. a5 h4 20. a6 hxg3 21. hxg3 f4 22.
e3 fxe3 23. fxe3 bxa6 24. bxa6 Rxb1 25. Rxb1 Nc5 26. Nde4 Rf1+ 27. Qxf1 Bxf1
28. Nxc5 dxc5 29. Bd5+ Kh7 30. Rxf1 Qg4 31. Ne4 c6 32. Be6 Qe2 33. g4 Qxe3+ 34.
Kg2 Bh6 35. Rf7+ Kh8 36. g5 Bxg5 37. Rf8+ Kh7 38. Rf7+ Kh6 39. Rf8 Qe2+ 40. Kh1
Bh4 41. Kg1 Be7 42. Rf7 Bg5 0-1